000 00959cam a2200349 i 4500
001 0000471
003 DO-SdBNP
005 20231002100812.0
007 0000471
008 100514s 2007 sp || 000 f spa
015 _a
017 _a
_b
020 _a9788483462768
035 _a
040 _aBPMSU
_bspa
_cBPMSU
_e
080 _a
082 4 _a813.5
_bS237u 2007
_222
100 1 _aSantos, Marisa de los
_d1966-
240 1 0 _aLove walked in
_leng.
245 1 0 _aUn mundo casi perfecto /
_cMarisa De los Santos ; traducción Ignacio Gómez Calvo
260 _aBarcelona:
_bDebols!llo,
_c2007.
300 _a364 p.:
_c19 cm
490 0 _aBestseller
_v668
590 _aInventariado, 2023/VM
650 4 _aNovela estadounidense
650 4 _aLiteratura estadounidense
700 1 _aGómez Calvo, Ignacio
_etrad.
830 0 _n668
910 _aVMateo V. Control de calidad. BPMSU
942 _2ddc
_cBK
945 _aInventariado, 2018 / BT
999 _c10664
_d10664